|
|
|
|
| LEADER |
01576nmm a2200421 a 4500 |
| 001 |
001088340 |
| 003 |
CZ BrMZK |
| 005 |
20100426073042.0 |
| 006 |
m^^^^^^^^d^^^^^^^^ |
| 007 |
co cgu mnna| |
| 008 |
100226s2009 xr e d cze |
| 020 |
|
|
|a 978-80-7395-240-2
|q (CDR)
|
| 040 |
|
|
|a BOA001
|b cze
|
| 043 |
|
|
|a e-xr---
|
| 072 |
|
7 |
|a 657
|x Účetnictví
|2 Konspekt
|9 4
|
| 072 |
|
7 |
|a 37.016
|x Učební osnovy. Vyučovací předměty. Učebnice
|2 Konspekt
|9 22
|
| 080 |
|
|
|a 657
|2 MRF
|
| 080 |
|
|
|a (437.3)
|2 MRF
|
| 080 |
|
|
|a (075.8)
|2 MRF
|
| 080 |
|
|
|a (0.034.44)
|2 MRF
|
| 100 |
1 |
|
|a Myšková, Renáta,
|d 1962-
|7 mzk2003169420
|4 aut
|
| 245 |
1 |
0 |
|a Účetní výkaznictví
|h [elektronický zdroj] /
|c Renáta Myšková, František Sejkora
|
| 250 |
|
|
|a 1. vyd
|
| 256 |
|
|
|a Data (1,69 MB)
|
| 260 |
|
|
|a Pardubice :
|b Univerzita Pardubice,
|c 2009
|
| 300 |
|
|
|a 1 CD-ROM :
|b barev. ;
|c 12 cm
|
| 500 |
|
|
|a Název z tit. obrazovky
|
| 500 |
|
|
|a Nad názvem: Univerzita Pardubice, Fakulta ekonomicko-správní
|
| 538 |
|
|
|a Požadavky na systém: dokumenty formátu pdf
|
| 650 |
0 |
7 |
|a účetnictví
|7 ph116911
|z Česko
|2 czenas
|
| 655 |
|
7 |
|a učebnice vysokých škol
|7 fd133772
|2 czenas
|
| 655 |
|
7 |
|a CD-ROM
|7 fd133955
|2 czenas
|
| 700 |
1 |
|
|a Sejkora, František,
|d 1974-
|7 mzk2010569972
|4 aut
|
| 710 |
2 |
|
|a Univerzita Pardubice.
|b Ekonomicko-správní fakulta
|7 kn20010709381
|
| 910 |
2 |
|
|a BOA001
|b CDR-1237.404
|
| 990 |
|
|
|a CF
|
| 991 |
|
|
|b 201004
|
| 996 |
3 |
|
|b 2610423273
|c CDR-1237.404
|l Stud. periodik/2.patro
|r Sklad / do 1 hodiny
|n 0
|p p.v.
|w 001112725
|u 000010
|a 1
|e BOA001
|j MZK50
|s N
|